20 Renamed Indian Cities - Statistics

General Stats
  • This quiz has been taken 379 times
  • The average score is 10 of 20
Answer Stats
Hint Answer % Correct
Mumbai (1995) Bombay
99%
Kolkata (2000) Calcutta
94%
Chennai (1996) Madras
90%
Bengaluru (2007) Bangalore
88%
Puducherry (2006) Pondicherry
76%
Thiruvananthapuram (1991) Trivandrum
62%
Kochi (1996) Cochin
60%
Pune (1978) Poona
55%
Gurugram (2016) Gurgaon
54%
Vadodara (1974) Baroda
52%
Vizakhapatnam (1987) Waltair
49%
Kozhikode (1949) Calicut
37%
Tiruchirapalli (1971) Trichinapoly
36%
Belagavi (2014) Belgaum
32%
Vijapura (2014) Bijapur
23%
Varanasi (1956) Benares
22%
Kanpur (1948) Cawnpore
19%
Guwahati (1980) Gauhati
15%
Alappuzha (1990) Aleppey
13%
Jabalpur (1947) Jubbulpore
5%
No matching quizzes found
Score Distribution
Percent of People with Each Score
Percentile by Number Answered
Your Score History
You have not taken this quiz